Všeobecné požadavky na obaly
Základné funkcie obalu: manipulačná, ochranná a informačná funkcia. Obal z hľadiska podmienok vyplývajúcich z logistiky: 1. prepravný obal, 2. obchodný obal a 3. spotrebiteľský obal - charakteristika a požiadavky kladené na obaly. Prínosy dobre zvoleného obalu. Ako môže zmena spôsobu balenia znížiť...
Uložené v:
| Hlavný autor: | |
|---|---|
| Médium: | Kapitola |
| Jazyk: | Czech |
| Predmet: | |
| Tagy: |
Žiadne tagy, Buďte prvý, kto otaguje tento záznam!
|
MARC
| LEADER | 00000naa$a2200000$$$4500 | ||
|---|---|---|---|
| 001 | 0028674 | ||
| 005 | 20231113115213.2 | ||
| 041 | 0 | |a cze | |
| 044 | |a CZ | ||
| 245 | 1 | 0 | |a Všeobecné požadavky na obaly |c Václav Cempírek |
| 520 | |a Základné funkcie obalu: manipulačná, ochranná a informačná funkcia. Obal z hľadiska podmienok vyplývajúcich z logistiky: 1. prepravný obal, 2. obchodný obal a 3. spotrebiteľský obal - charakteristika a požiadavky kladené na obaly. Prínosy dobre zvoleného obalu. Ako môže zmena spôsobu balenia znížiť náklady a zlepšiť zákaznícky servis. Vzťahy medzi charakterom balenia a logistickými činnosťami. | ||
| 610 | 2 | 0 | |a balenie |
| 610 | 2 | 0 | |a obaly |
| 610 | 2 | 0 | |a technika obalová |
| 610 | 2 | 0 | |a manipulácia s materiálom |
| 610 | 2 | 0 | |a skladovanie |
| 610 | 2 | 0 | |a preprava |
| 610 | 2 | 0 | |a distribúcia |
| 610 | 2 | 0 | |a komunikácia |
| 610 | 2 | 0 | |a informácie |
| 610 | 2 | 0 | |a spotrebitelia |
| 610 | 2 | 0 | |a ochrana prostredia životného |
| 100 | 1 | |a Cempírek, Václav | |